[Event "Asia-ch Rapid U20"]
[Site "Jamshedpur"]
[Date "2023.09.08"]
[Round "8"]
[White "Rohit, Krishna S"]
[Black "Bizhigitov, Zhangir"]
[Result "1-0"]
[WhiteElo "2270"]
[BlackElo "2151"]
[PlyCount "79"]
[EventDate "2023.09.08"]
[EventType "swiss (rapid)"]
[EventRounds "9"]
[EventCountry "IND"]
[SourceTitle "EXT 2024"]
[Source "ChessBase"]
[SourceDate "2023.10.10"]
[SourceVersion "1"]
[SourceVersionDate "2023.10.10"]
[SourceQuality "1"]

1. Nf3 Nf6 2. g3 d5 3. Bg2 c5 4. d3 Nc6 5. 0-0 g6 6. c4 Bg7 7. Nc3 0-0 8. cxd5 Nxd5 9. Bd2 Nc7 10. Rc1 b6 11. Qa4 Bb7 12. Qh4 e5 13. Bg5 f6 14. Bh6 Qe7 15. a3 Rad8 16. Qc4+ Kh8 17. Bxg7+ Kxg7 18. b4 cxb4 19. axb4 Nd4 20. Nxd4 Rxd4 21. Qa2 Bxg2 22. Kxg2 Ne6 23. Kg1 Qd7 24. b5 Nc5 25. Rc2 h5 26. Ra1 Rf7 27. Qa3 h4 28. Rca2 hxg3 29. hxg3 Qh3 30. Qb2 Rd8 31. Rxa7 Rh8 32. Rxf7+ Kxf7 33. Ra7+ Nd7 34. Qa2+ Kg7 35. Qd5 Qh2+ 36. Kf1 Qh3+ 37. Ke1 Rd8 38. Qd6 Kh6 39. Qe7 Qh1+ 40. Kd2 1-0

[Event "Aktobe Dvorkovich op"]
[Site "Aktobe"]
[Date "2023.06.21"]
[Round "2"]
[White "Bizhigitov, Zhangir"]
[Black "Shimanov, Aleksandr"]
[Result "0-1"]
[WhiteElo "2285"]
[BlackElo "2581"]
[PlyCount "116"]
[EventDate "2023.06.20"]
[EventType "swiss"]
[EventRounds "9"]
[EventCountry "KAZ"]
[SourceTitle "CBM 214 Extra"]
[Source "ChessBase"]
[SourceDate "2023.07.31"]
[SourceVersion "1"]
[SourceVersionDate "2023.07.31"]
[SourceQuality "1"]

1. e4 c5 2. Nf3 e6 3. d4 cxd4 4. Nxd4 a6 5. Bd3 Bc5 6. Nb3 Be7 7. Qg4 g6 8. Nc3 d6 9. Bd2 Nd7 10. f4 b5 11. a4 b4 12. Nd1 d5 13. Qe2 Bb7 14. exd5 Bxd5 15. Ne3 Bb7 16. 0-0 Ngf6 17. Nc4 0-0 18. Kh1 Re8 19. Be1 Qc7 20. Bh4 Bf8 21. Rae1 Bg7 22. Qf2 Bd5 23. Ne5 Qb7 24. Na5 Qc7 25. Nb3 Rf8 26. Nxd7 Nxd7 27. Nd4 Nc5 28. Ra1 Nxd3 29. cxd3 Qa7 30. Nc2 a5 31. Ne3 Bb3 32. Qd2 Qd4 33. Rf2 Rac8 34. h3 Rc7 35. Qe2 Rfc8 36. Kh2 h5 37. Raf1 Rd7 38. Qf3 Qxd3 39. Re2 Bxa4 40. Qf2 Bb5 41. Rfe1 Qe4 42. Rc2 Rxc2 43. Nxc2 Qd5 44. Qb6 Bc6 45. Qf2 Qb3 46. Qc5 Qd5 47. Qf2 Qb5 48. Ne3 a4 49. Rc1 Bd4 50. Qe1 Bxb2 51. Rc4 b3 52. Rb4 Qc5 53. Nc4 Bg7 54. Rb8+ Kh7 55. Ne5 Qc2 56. Bf2 Rc7 57. f5 exf5 58. Qe3 Qe4 0-1

[Event "Asian Continental op 20th"]
[Site "Almaty"]
[Date "2023.06.07"]
[Round "5"]
[White "Bizhigitov, Zhangir"]
[Black "Manish, Anto Cristiano F"]
[Result "0-1"]
[WhiteElo "2285"]
[BlackElo "2436"]
[PlyCount "128"]
[EventDate "2023.06.04"]
[EventType "swiss"]
[EventRounds "9"]
[EventCountry "KAZ"]
[SourceTitle "CBM 214 Extra"]
[Source "ChessBase"]
[SourceDate "2023.07.31"]
[SourceVersion "1"]
[SourceVersionDate "2023.07.31"]
[SourceQuality "1"]

1. e4 c5 2. Nf3 d6 3. d4 cxd4 4. Nxd4 Nf6 5. Nc3 a6 6. Bg5 Nbd7 7. Qe2 h6 8. Bd2 Qb6 9. Nb3 e6 10. 0-0-0 Be7 11. f4 Qc7 12. g4 b5 13. a3 Bb7 14. Bg2 Rc8 15. g5 hxg5 16. fxg5 Nh5 17. g6 fxg6 18. Nd4 Nf8 19. e5 dxe5 20. Bxb7 exd4 21. Bxc8 dxc3 22. Bxa6 cxd2+ 23. Rxd2 Ng3 24. Bxb5+ Kf7 25. Qf3+ Nf5 26. Kb1 Qa5 27. Qd3 Rh4 28. Re2 Bf6 29. c3 Ng3 30. Be8+ Kxe8 31. Qxg3 Kf7 32. Rf1 Rh5 33. Re4 Rd5 34. Qe3 Kg8 35. Qe2 Qd8 36. Kc2 Rh5 37. Kb1 Qb8 38. Rb4 Qc7 39. Rc4 Qb8 40. Rb4 Qc7 41. Rc4 Qb7 42. Rb4 Qc6 43. Rc4 Qb5 44. a4 Qa6 45. Re4 Qa8 46. Re1 Kh7 47. Rd1 Qa7 48. Qe3 Qb7 49. Rb4 Qc6 50. Qe4 Qc7 51. Rc4 Qb6 52. Rb4 Qf2 53. Qc2 Qa7 54. Qg2 e5 55. Qb7 Qf2 56. Qf7 Rxh2 57. Qxf8 Qc2+ 58. Ka2 Qxd1 59. Qc5 e4 60. Rxe4 Qc1 61. Qb4 Qxc3 62. Rh4+ Rxh4 63. Qxh4+ Bxh4 64. bxc3 g5 0-1

[Event "Asian Continental op 20th"]
[Site "Almaty"]
[Date "2023.06.05"]
[Round "2"]
[White "Puranik, Abhimanyu Sameer"]
[Black "Bizhigitov, Zhangir"]
[Result "1-0"]
[WhiteElo "2602"]
[BlackElo "2285"]
[PlyCount "38"]
[EventDate "2023.06.04"]
[EventType "swiss"]
[EventRounds "9"]
[EventCountry "KAZ"]
[SourceTitle "CBM 214 Extra"]
[Source "ChessBase"]
[SourceDate "2023.07.31"]
[SourceVersion "1"]
[SourceVersionDate "2023.07.31"]
[SourceQuality "1"]

1. e4 e6 2. d4 d5 3. Nc3 Nf6 4. e5 Nfd7 5. f4 c5 6. Nf3 Nc6 7. Be3 a6 8. a3 cxd4 9. Nxd4 Bc5 10. Qd2 0-0 11. 0-0-0 Bxd4 12. Bxd4 b5 13. h4 Qa5 14. Rh3 b4 15. Na2 Rb8 16. Kb1 bxa3 17. Qxa5 Nxa5 18. Rxa3 Nc4 19. Bxc4 dxc4 1-0

[Event "Almaty Academy IM 12"]
[Site "Almaty"]
[Date "2022.12.08"]
[Round "3"]
[White "Chibukhchian, Artur"]
[Black "Bizhigitov, Zhangir"]
[Result "0-1"]
[WhiteElo "2388"]
[BlackElo "2292"]
[PlyCount "122"]
[EventDate "2022.12.07"]
[EventType "tourn"]
[EventRounds "9"]
[EventCountry "KAZ"]
[EventCategory "1"]
[SourceTitle "CBM 211 Extra"]
[Source "ChessBase"]
[SourceDate "2023.01.31"]
[SourceVersion "1"]
[SourceVersionDate "2023.01.31"]
[SourceQuality "1"]

1. Nf3 Nf6 2. c4 e6 3. d4 d5 4. Nc3 c5 5. cxd5 exd5 6. Bg5 Be6 7. dxc5 Bxc5 8. e3 0-0 9. Be2 h6 10. Bh4 Nc6 11. 0-0 g5 12. Bg3 Ne4 13. Rc1 Bb6 14. Qa4 Nxg3 15. hxg3 Qf6 16. Rfd1 Rad8 17. Nd4 Ne5 18. Qb4 Nc6 19. Nxc6 bxc6 20. Na4 Bd7 21. b3 Rb8 22. Qc3 Qxc3 23. Rxc3 Rfd8 24. Nc5 Be8 25. g4 Kg7 26. g3 Kf6 27. Kg2 Ke7 28. f4 Rd6 29. Kf3 Rf6 30. Bd3 Rd8 31. Ba6 Bc7 32. b4 d4 33. Rcd3 dxe3 34. Rxe3+ Kf8 35. Rde1 Bd7 36. Re7 Rd6 37. Nb7 gxf4 38. Bc4 Rf6 39. Nxd8 fxg3+ 40. Kg2 Rf2+ 41. Kg1 Bb6 42. R1e3 Rf3 43. Rxd7 Rxe3 44. Rxf7+ Ke8 45. Nb7 Re6+ 46. Kg2 Kxf7 47. Kxg3 Kf6 48. Bxe6 Kxe6 49. Kh4 Kd5 50. Kh5 Kc4 51. Kxh6 Kxb4 52. g5 Be3 53. Kh5 c5 54. g6 Bd4 55. Nd8 Kb5 56. Ne6 Bh8 57. Kg4 c4 58. Kf3 Kb4 59. Ke2 Ka3 60. g7 Bxg7 61. Nxg7 c3 0-1

[Event "Wch U18"]
[Site "Mamaia"]
[Date "2022.09.16"]
[Round "11"]
[White "Baum, Jonasz"]
[Black "Bizhigitov, Zhangir"]
[Result "1/2-1/2"]
[WhiteElo "2414"]
[BlackElo "2261"]
[PlyCount "155"]
[EventDate "2022.09.06"]
[EventType "swiss"]
[EventRounds "11"]
[EventCountry "ROU"]
[SourceTitle "CBM 210 Extra"]
[Source "ChessBase"]
[SourceDate "2022.11.30"]
[SourceVersion "1"]
[SourceVersionDate "2022.11.30"]
[SourceQuality "1"]

1. d4 d5 2. c4 e6 3. Nf3 Nf6 4. Nc3 c5 5. cxd5 exd5 6. Bg5 Be6 7. g3 Nc6 8. Bg2 h6 9. Bxf6 Qxf6 10. 0-0 cxd4 11. Nb5 Rc8 12. Rc1 Be7 13. Nfxd4 0-0 14. Qd2 Nxd4 15. Nxd4 Bc5 16. e3 Rfd8 17. Rfd1 Bb6 18. b3 Qe7 19. Qb2 Bc5 20. Qd2 Bg4 21. Rf1 Be6 22. Qd3 a6 23. Nxe6 fxe6 24. Rc2 Bb6 25. Rfc1 Rxc2 26. Rxc2 Qf6 27. Bh3 Rf8 28. Qd1 Kh8 29. Bg2 d4 30. exd4 Bxd4 31. Qe1 b6 32. Be4 a5 33. Kg2 Bc5 34. Qe2 Qa1 35. Bf3 Qf6 36. Qe4 Qf5 37. Qe2 Qf6 38. h4 Rd8 39. h5 Rd4 40. Qb5 Rd8 41. Re2 e5 42. Qc4 Rd4 43. Qc2 Kg8 44. Be4 Kh8 45. Bg6 Qc6+ 46. Kh2 Qf3 47. Re3 Qf6 48. Qe2 Rd8 49. Rf3 Qd6 50. Bb1 Qc6 51. Be4 Qd6 52. Rf5 Rf8 53. Qg4 Rxf5 54. Qxf5 Kg8 55. Bd3 Qf6 56. Bc4+ Kh8 57. Qc8+ Qf8 58. Qxf8+ Bxf8 59. Kh3 Bc5 60. f3 Kh7 61. Bf7 Bf2 62. Kg2 Be1 63. g4 Bd2 64. Kf2 Bf4 65. Ke2 Bg3 66. Kd3 Kh8 67. Kc4 Bh2 68. Kd5 Bg3 69. Ke6 Bh2 70. Kd7 Bg3 71. Kc6 Bf2 72. Bc4 Kh7 73. Bf7 Kh8 74. Kd6 Bg3 75. Kd5 Bh2 76. a3 Bg3 77. b4 axb4 78. axb4 1/2-1/2

[Event "Wch U18"]
[Site "Mamaia"]
[Date "2022.09.12"]
[Round "7"]
[White "Turcan, Richard"]
[Black "Bizhigitov, Zhangir"]
[Result "1/2-1/2"]
[WhiteElo "2343"]
[BlackElo "2261"]
[PlyCount "76"]
[EventDate "2022.09.06"]
[EventType "swiss"]
[EventRounds "11"]
[EventCountry "ROU"]
[SourceTitle "CBM 210 Extra"]
[Source "ChessBase"]
[SourceDate "2022.11.30"]
[SourceVersion "1"]
[SourceVersionDate "2022.11.30"]
[SourceQuality "1"]

1. e4 e6 2. d4 d5 3. Nd2 c5 4. exd5 Qxd5 5. Ngf3 cxd4 6. Bc4 Qd7 7. 0-0 Nc6 8. Nb3 a6 9. a4 Nf6 10. Qe2 Bd6 11. Rd1 0-0 12. Nbxd4 e5 13. Nxc6 Qxc6 14. Bg5 Bc7 15. h3 h6 16. Bxf6 Qxf6 17. Bd5 Rb8 18. Ra3 Bf5 19. c4 b5 20. axb5 axb5 21. c5 e4 22. Bxe4 Bxe4 23. Qxe4 Qxb2 24. Ra7 Rbc8 25. g3 Bb8 26. Rb7 Rxc5 27. Rdd7 Rcc8 28. Kg2 Qc2 29. Qd5 Qc4 30. Qf5 Rc5 31. Qb1 Be5 32. Qe1 Bc3 33. Qe7 Bf6 34. Qe3 b4 35. Nd2 Qc3 36. Qf4 Bg5 37. Qd6 Rc6 38. Qxb4 Qxb4 1/2-1/2

[Event "Eastern Asia-ch U18"]
[Site "Tornelo INT"]
[Date "2021.10.29"]
[Round "1"]
[White "Nguyen, Anh Dung1111"]
[Black "Bizhigitov, Zhangir"]
[Result "1/2-1/2"]
[WhiteElo "1303"]
[BlackElo "1867"]
[PlyCount "104"]
[EventDate "2021.10.29"]
[EventType "swiss"]
[EventRounds "9"]
[EventCountry "NET"]
[SourceTitle "CBM 205 Extra"]
[Source "ChessBase"]
[SourceDate "2022.01.31"]
[SourceVersion "1"]
[SourceVersionDate "2022.01.31"]
[SourceQuality "1"]

1. d4 Nf6 2. Bf4 d5 3. e3 c5 4. c4 cxd4 5. exd4 Qb6 6. Nc3 dxc4 7. Qd2 e6 8. Bxc4 Nc6 9. Nf3 Be7 10. 0-0 0-0 11. Rad1 Rd8 12. Qe2 Qa5 13. Nb5 Ne8 14. d5 exd5 15. Bxd5 Bf6 16. Qc4 Rxd5 17. Qxd5 Be6 18. Qd3 Qb4 19. Bd2 Qc4 20. Qxc4 Bxc4 21. Nc3 Bxf1 22. Kxf1 Rd8 23. Bg5 Rxd1+ 24. Nxd1 Nb4 25. Bxf6 Nxf6 26. a3 Nd3 27. g3 Kf8 28. Ke2 Nc5 29. Nd4 g6 30. h3 Ke7 31. Nc3 a6 32. Ke3 Kd6 33. b4 Ncd7 34. f4 Nb6 35. Kd3 Nbd5 36. Nce2 Nd7 37. Nf3 f6 38. Nd2 N7b6 39. Ne4+ Kc7 40. Nd4 Nd7 41. Ne6+ Kc6 42. Nd4+ Kc7 43. Ne6+ Kc6 44. Nd4+ Kb6 45. Nd2 Kc7 46. Ne4 b5 47. Ne6+ Kc6 48. Kd4 N5b6 49. Nd8+ Kc7 50. Ne6+ Kc6 51. Nd8+ Kc7 52. Ne6+ Kc6 1/2-1/2

[Event "Tashkent zt 3.4"]
[Site "Tashkent"]
[Date "2021.05.14"]
[Round "8"]
[White "Bizhigitov, Zhangir"]
[Black "Dauletova, Gulmira"]
[Result "1/2-1/2"]
[WhiteElo "2179"]
[BlackElo "2285"]
[PlyCount "128"]
[EventDate "2021.05.07"]
[EventType "swiss"]
[EventRounds "9"]
[EventCountry "UZB"]
[SourceTitle "CBM 202 Extra"]
[Source "ChessBase"]
[SourceDate "2021.07.31"]
[SourceVersion "1"]
[SourceVersionDate "2021.07.31"]
[SourceQuality "1"]

1. d4 Nf6 2. Nf3 d5 3. Bf4 e6 4. e3 Bd6 5. c3 0-0 6. Nbd2 Bxf4 7. exf4 c5 8. dxc5 Qc7 9. g3 Nbd7 10. Be2 Nxc5 11. 0-0 b6 12. Nb3 Na4 13. Rb1 a6 14. Bd3 Bb7 15. Nbd4 Nc5 16. Bc2 Nfe4 17. Nd2 Rae8 18. Re1 e5 19. fxe5 Rxe5 20. f3 Nf6 21. Rxe5 Qxe5 22. Qe1 Qc7 23. Qf2 Re8 24. Re1 Re5 25. Rxe5 Qxe5 26. Qe2 Qxe2 27. Nxe2 Kf8 28. Kf2 Ke7 29. Nd4 g6 30. h4 Nfd7 31. Ke3 Ne5 32. b3 h5 33. Bd1 Bc8 34. Be2 b5 35. Nb1 Ne6 36. f4 Nd7 37. Nd2 Nxd4 38. Kxd4 Kd6 39. Bf3 Nb6 40. Nf1 Be6 41. Ne3 f5 42. Nc2 Nd7 43. Nb4 Nb8 44. Ke3 Bf7 45. Be2 Be6 46. Bf1 Bf7 47. Nc2 Nd7 48. Bg2 Nc5 49. Nb4 Bg8 50. Nd3 Nxd3 51. Kxd3 Kc5 52. a3 Bf7 53. Bf3 Be6 54. Bd1 Bd7 55. Bc2 Be8 56. Ke3 Bd7 57. Bd3 Be8 58. Bb1 Bd7 59. Ba2 Be6 60. b4+ Kd6 61. Kd4 Bf7 62. Bb3 Be6 63. a4 Bf7 64. Bc2 Be6 1/2-1/2

[Event "Tashkent zt 3.4"]
[Site "Tashkent"]
[Date "2021.05.13"]
[Round "7"]
[White "Vakhidov, Jahongir"]
[Black "Bizhigitov, Zhangir"]
[Result "1/2-1/2"]
[WhiteElo "2401"]
[BlackElo "2179"]
[PlyCount "107"]
[EventDate "2021.05.07"]
[EventType "swiss"]
[EventRounds "9"]
[EventCountry "UZB"]
[SourceTitle "CBM 202 Extra"]
[Source "ChessBase"]
[SourceDate "2021.07.31"]
[SourceVersion "1"]
[SourceVersionDate "2021.07.31"]
[SourceQuality "1"]

1. c4 Nf6 2. Nc3 g6 3. d4 Bg7 4. g3 0-0 5. Bg2 d6 6. Nf3 Nc6 7. 0-0 e5 8. dxe5 dxe5 9. Bg5 Be6 10. Nd5 Re8 11. Nd2 Nd4 12. Ne4 Bxd5 13. cxd5 h6 14. Bxf6 Bxf6 15. Rc1 Bg7 16. e3 Nf5 17. Qb3 Rb8 18. Qa4 a6 19. Qa5 Re7 20. Rc2 Nd6 21. Nxd6 Qxd6 22. Rfc1 Rc8 23. Qc5 Rce8 24. Qxd6 cxd6 25. e4 h5 26. Rc8 Bh6 27. Rxe8+ Rxe8 28. Rc7 Rb8 29. Bh3 Bg5 30. Kf1 Kf8 31. Ke2 Ke8 32. b4 Bd8 33. Rc8 Rxc8 34. Bxc8 a5 35. bxa5 Bxa5 36. Bxb7 g5 37. a4 Kd8 38. Bc6 h4 39. Bb5 Ke7 40. Kf3 Be1 41. Bf1 f6 42. Bh3 Kd8 43. Be6 Ke7 44. Kg2 Kd8 45. gxh4 gxh4 46. Kh3 Bxf2 47. a5 Kc7 48. Bg4 Kb7 49. Be2 Be1 50. a6+ Ka7 51. Kg4 Bf2 52. Kf5 Be1 53. Kxf6 Bf2 54. Kg5 1/2-1/2